Trattenimenti spirituali per le lezioni nel mese degli esercizi del P. S. Ignazio di Loiola dal P. Domenico Bandini della Compagnia di Giesù

Detalles Bibliográficos
Autor principal: Bandini, Domenico 1340-ca. 1415
Formato: Libro
Lenguaje:Italian
Publicado: in Palermo 1710
Materias:
Colección:Banco de datos
Acervo:Biblioteca de la Congregación del Oratorio de San Felipe Neri de México. Iglesia La Profesa
Descripción Física:t. 8°
Tema general:Ascética
Notas:Portada tipográfica con viñeta y pleca en grabado xilográfico. Texto a renglón seguido con notas a pie de página. Incluye cabecera de título en grabado xilográfico. Incluye capitular en grabado xilográfico. Tomo con portada y numeración propias. Año del t. 1 publicado en 1710. Paginación: t. 1 [10] h., 525 p., [12] h. Encuadernación en piel sobre cartón. Sello en tinta del Oratorio de San Felipe Neri de México. Biblioteca La Profesa, D.F. Daños de polilla
LEADER 01193nam a22001810004500
035 |a 2547 
041 0 |a ita 
100 1 |a Bandini, Domenico  |d 1340-ca. 1415 
245 1 0 |a Trattenimenti spirituali per le lezioni nel mese degli esercizi del P. S. Ignazio di Loiola dal P. Domenico Bandini della Compagnia di Giesù 
260 |a in Palermo  |b nella stamperia di Gio Battista Aiccardo  |c 1710 
300 |a  t.  |c 8° 
500 |a Portada tipográfica con viñeta y pleca en grabado xilográfico. Texto a renglón seguido con notas a pie de página. Incluye cabecera de título en grabado xilográfico. Incluye capitular en grabado xilográfico. Tomo con portada y numeración propias. Año del t. 1 publicado en 1710. Paginación: t. 1 [10] h., 525 p., [12] h. Encuadernación en piel sobre cartón. Sello en tinta del Oratorio de San Felipe Neri de México. Biblioteca La Profesa, D.F. Daños de polilla 
504 |a Índices de contenido, de las cosas más notables y fe de erratas  
650 1 0 |a Ascética 
949 |a Iglesia La Profesa, Biblioteca 4819 
942 |c PROFESA 
943 |g Biblioteca de la Congregación del Oratorio de San Felipe Neri de México. Iglesia La Profesa 
999 |c 949358  |d 949358